01065nam a2200229 i 450000100060000000300090000600500170001500700030003200800410003510000480007624502270012426000480035130000250039949000610042460000520048570000410053771000340057883000620061285200220067499900170069695201220071370478ES-MaACL20250809044340.0t|040726s1971 sp |||| | spa d1 aGarcía Valdecasas, Juan Guillermo.95535614aLas "Academias morales" de Antonio Enríquez Gómez b: (críticas sociales y jurídicas en los versos de un judío español en el exilio) / cGuillermo García Valdecasas ; prólogo de Francisco Elías de Tejada. aSevilla : bUniversidad de Sevilla, c1971. aX, 114 p. ; c22 cm.1 aAnales de la Universidad Hispalense. Serie derecho ; v914aEnríquez Gómez, Antonio, d1600-16639472901 aElías de Tejada, Francisco.9469762 aUniversidad de Sevilla.9730100aAnales de la Universidad Hispalense. pDerechov99183302 aES-MaACLjC-46239 c70478d70478 00104070aATENEOMbATENEOMcDEPO2d2008-01-17eSCl0oC-46239p1073800r2023-02-23 00:00:00w2023-02-23yMONOGRAFIA